| Tag |
First Indicator |
Second Indicator |
Subfields |
| LEADER |
00000cam a2200000 i 4500 |
| 001 |
in00000798213 |
| 005 |
20151017080115.0 |
| 008 |
771130s1976 dcu b f00010 eng d |
| 010 |
|
|
|a gp 78006558
|
| 020 |
|
|
|c pbk.
|
| 035 |
|
|
|a (OCoLC)03454457
|
| 035 |
|
|
|9 ADQ9218AM
|
| 037 |
|
|
|b 20460
|
| 040 |
|
|
|c HOU
|d GPO
|d UtOrBLW
|
| 074 |
|
|
|a 431-I-1
|
| 086 |
|
|
|a EP 1.2:W 29/34/976-2
|
| 110 |
1 |
|
|a United States.
|b Environmental Protection Agency.
|
| 245 |
1 |
0 |
|a Quality criteria for water.
|
| 264 |
|
1 |
|a Washington :
|b Environmental Protection Agency,
|c 1976.
|
| 300 |
|
|
|a xiv, 256 pages ;
|c 23 cm.
|
| 336 |
|
|
|a text
|b txt
|2 rdacontent
|
| 337 |
|
|
|a unmediated
|b n
|2 rdamedia
|
| 338 |
|
|
|a volume
|b nc
|2 rdacarrier
|
| 500 |
|
|
|a Issued July 1976.
|
| 504 |
|
|
|a Includes bibliographies.
|
| 650 |
|
0 |
|a Water quality.
|
| 650 |
|
0 |
|a Water
|x Pollution.
|
| 999 |
|
|
|a MARS
|
| 999 |
f |
f |
|s 7dbadfc5-fd83-347e-a15a-a2e4ca72c164
|i 7af8d494-fe8f-3e89-a6b1-0b6ee93e84e2
|t 0
|
| 952 |
f |
f |
|p normal
|a Texas A&M University
|b College Station
|c Sterling C. Evans Library
|d Evans: US Documents (Annex 5th floor)
|t 0
|e EP 1.2:W 29/34/976-2
|h Superintendent of Documents classification
|i unmediated -- volume
|m A14813186139
|
| 998 |
f |
f |
|a EP 1.2:W 29/34/976-2
|t 0
|l Evans: US Documents (Annex 5th floor)
|